书目信息 |
| 题名: |
赫尔曼·麦尔维尔
|
|
| 作者: | 海斯 著 ;杨金才 导读 | |
| 分册: | ||
| 出版信息: | 上海 上海外语教育出版社 2008.08 |
|
| 页数: | 140页 | |
| 开本: | 24cm | |
| 丛书名: | 剑桥文学名家研习系列 | |
| 单 册: | ||
| 中图分类: | K837.125.6 | |
| 科图分类: | ||
| 主题词: | ||
| 电子资源: | ||
| ISBN: | 978-7-5446-0822-0 | |
| 000 | 01362nam 2200301 450 | |
| 001 | 0011027706 | |
| 005 | 20100527193931.89 | |
| 010 | @a978-7-5446-0822-0@dCNY29.00 | |
| 100 | @a20100515d2008 em y0chiy0110 ea | |
| 101 | 0 | @achi |
| 102 | @aCN@b310000@aGB | |
| 105 | @ay z 001yd | |
| 200 | 1 | @a赫尔曼·麦尔维尔@Ahe er man·mai er wei er@fKevin J.Hayes著@FKevin J.Hayes zhu@g杨金才导读@Gyang jin cai dao du |
| 210 | @a上海@c上海外语教育出版社@a英国@c英国剑桥大学出版社@d2008.08 | |
| 215 | @a140页@d24cm | |
| 225 | 2 | @a剑桥文学名家研习系列@v3 |
| 306 | @a本书由上海外语教育出版社和剑桥大学出版社合作出版 | |
| 314 | @a责任者的汉译姓:取自版权页 | |
| 320 | @a有索引 | |
| 330 | @a本系列旨在为学生引荐英美文学名家,内容亲和,语言生动,对有意提高西方文学素养的读者很有吸引力。 沃尔特·惠特曼是19世纪最具创新精神和最具影响力的美国诗人之一。此书以他的传世之作《草叶集》为中心,为研究惠特曼提供了基础。除了对惠特曼的主要作品作深入研究,书中还涉及惠特曼的生平、其所处时代的历史和文化以及评论家对其作品的批评。这些使我们对惠特曼本人及其如何成为美国文学界核心人物有了全面的了解。 | |
| 410 | 0 | @12001 @a剑桥文学名家研习系列 |
| 600 | 0 | @a麦尔维尔@f1819-1891@x人物研究 |
| 606 | @0 | |
| 690 | @aK837.125.6@v4 | |
| 701 | 1 | @a海斯@Ahai si@g(Hayes, Kevin J.)@4著 |
| 702 | 0 | @a杨金才@Ayang jin cai@4导读 |
| 801 | 0 | @aCN@c20100515 |
| 905 | @dK837.125.6@eM270@f3 | |
| 赫尔曼·麦尔维尔/Kevin J.Hayes著/杨金才导读.-上海:上海外语教育出版社;英国:英国剑桥大学出版社,2008.08 |
| 140页;24cm.-(剑桥文学名家研习系列;3) |
| ISBN 978-7-5446-0822-0:CNY29.00 |
| 本系列旨在为学生引荐英美文学名家,内容亲和,语言生动,对有意提高西方文学素养的读者很有吸引力。 沃尔特·惠特曼是19世纪最具创新精神和最具影响力的美国诗人之一。此书以他的传世之作《草叶集》为中心,为研究惠特曼提供了基础。除了对惠特曼的主要作品作深入研究,书中还涉及惠特曼的生平、其所处时代的历史和文化以及评论家对其作品的批评。这些使我们对惠特曼本人及其如何成为美国文学界核心人物有了全面的了解。 |
| ● |
| 相关链接 |
|
|
|
正题名:赫尔曼·麦尔维尔
索取号:K837.125.6/M270
 
预约/预借
| 序号 | 登录号 | 条形码 | 馆藏地/架位号 | 状态 | 备注 |